Central Library || Chittagong University

Mangroves: (Record no. 112454)

MARC details
000 -LEADER
fixed length control field 00583nam a22001937a 4500
003 - CONTROL NUMBER IDENTIFIER
control field BD-ChCU
005 - DATE AND TIME OF LATEST TRANSACTION
control field 20260427102547.0
008 - FIXED-LENGTH DATA ELEMENTS--GENERAL INFORMATION
fixed length control field 260427b si ||||| |||| 00| 0 eng d
020 ## - INTERNATIONAL STANDARD BOOK NUMBER
International Standard Book Number 9789811905186
040 ## - CATALOGING SOURCE
Transcribing agency BD-ChCU
082 ## - DEWEY DECIMAL CLASSIFICATION NUMBER
Edition number 23
Classification number 577.698 M277
245 ## - TITLE STATEMENT
Title Mangroves:
Remainder of title biodiversity livelihoods and conservation/
Statement of responsibility, etc. Edited by Sudhir Chandra Das.
260 ## - PUBLICATION, DISTRIBUTION, ETC.
Place of publication, distribution, etc. Singapore:
Name of publisher, distributor, etc. Springer,
Date of publication, distribution, etc. 2022
300 ## - PHYSICAL DESCRIPTION
Extent 609 P. :
504 ## - BIBLIOGRAPHY, ETC. NOTE
Bibliography, etc. note Includes.
650 #0 - SUBJECT ADDED ENTRY--TOPICAL TERM
Topical term or geographic name entry element Mangroves-conservation ; Biodiversity.
9 (RLIN) 21959
700 ## - ADDED ENTRY--PERSONAL NAME
Personal name Das, Sudhir Chandra.
Relator term Editor
9 (RLIN) 21960
942 ## - ADDED ENTRY ELEMENTS (KOHA)
Source of classification or shelving scheme Dewey Decimal Classification
Koha item type Books
Suppress in OPAC No
Holdings
Withdrawn status Lost status Source of classification or shelving scheme Damaged status Not for loan Home library Current library Shelving location Date acquired Source of acquisition Total Checkouts Full call number Barcode Date last seen Copy number Price effective from Koha item type
    Dewey Decimal Classification     Chittagong University Library Chittagong University Library Science Reading Room 04/27/2026 purchase   577.698 M277 343423 04/27/2026 C-1 04/27/2026 Books
    Dewey Decimal Classification     Chittagong University Library Chittagong University Library Science Reading Room 04/27/2026 purchase   577.698 M277 343424 04/27/2026 C-2 04/27/2026 Books
© Copyright 2025. Chittagong University Library, Installation and Maintenance by Prof. Dr. Md. Alamgir, 01711306253